000 00274nam a2200121Ia 4500
008 190216s9999||||xx |||||||||||||| ||und||
100 _aMenon K P K
245 0 _aFootprints
260 _bOrient Longman
_c1980
300 _a160p
650 _aEnglish-Biography
942 _cBK
999 _c12996
_d12996